|
|
|
|
| LEADER |
00000nam a2200000 a 4500 |
| 001 |
vtls011549346 |
| 003 |
SK-MaSNL |
| 005 |
20260426002934.0 |
| 008 |
251112s1600 gw 010 0 lat |
| 015 |
|
|
|a SNBHFA(ro
|
| 035 |
|
|
|a EE3D25A8-A476-468A-93FF-66C4A551A393
|
| 035 |
|
|
|a urn:nbn:sk:snk-amlt4g
|
| 035 |
|
|
|a urn:nbn:sk:snk-am00case
|
| 040 |
|
|
|a SNKHF
|b slo
|c SDKK
|e AACR2
|
| 041 |
0 |
|
|a lat
|
| 044 |
|
|
|a gw
|c DE
|
| 072 |
|
7 |
|a 2-1
|x Prirodzená teológia. Náboženská filozofia
|2 konspekt
|
| 080 |
|
|
|a 27‑1
|2 2011
|
| 080 |
|
|
|a 2‑285
|2 2011
|
| 080 |
|
|
|a (0.072)
|2 2011
|
| 100 |
1 |
|
|a Setzer, Jeremias,
|d 1568-1608
|4 aut
|9 422295
|
| 245 |
1 |
0 |
|a D. O. M. D. Dispvtatio XIX. Axiomata Iuris controversi De Svccessionibvs Ab Intestato Continens Ad quam divinâ adspirante Gratiâ, In celeberrimâ Septemvirali cis Viadrum Academiâ
|b Pro ingenij viribus Respondebit VVenceslaus Bersius Oderberg. Sil. ad d. 12. Cal. Septemb. A. C. CI
|c Praeside Vior Excellentiß. [et] Consultiß: Dn. Hieremia Setsero Sil. Philosoph. ac I. V. D.
|
| 260 |
|
|
|a [Frankfurt/Oder]
|b Typis Sciurianis.
|c A. C. M. DC.[=1600]
|
| 300 |
|
|
|a A, A2, T, T2, T3, T4, T5, T6[=8] l.
|c 4°
|
| 500 |
|
|
|a Vinety, iniciálka s ornamentálnym pozadím vo voľnom priestore na 6 r., vlysy. Titulný list v ornamentálno-figurálnom rámčeku. Nečíslované strany. Miesto vydania doplnené z VD 16.
|
| 501 |
|
|
|a Príväzok 13. k: HUTTER, Leonhard. Threnologia De vita, rebus gestis, & tristissimo simul ac beatissimo obitu Dn. Aegidii Hvnni. Witebergae: Sumptibus Clementis Bergeri, 1603.
|5 SNK IC 142674
|
| 504 |
|
|
|a Kustódy.
|
| 508 |
|
|
|a Ded.:Johann Gebhardt, Jakob Angermündt; Wenzel Bersius, Johann Sponer, Valentin Dreßler, Burian Bersius.
|
| 510 |
4 |
|
|a VD 16
|c ZV/19843
|
| 546 |
|
|
|a Latinčina
|b Fraktúra
|b Kurzíva
|
| 650 |
0 |
7 |
|a teológia
|2 SNKPH
|9 1814
|
| 650 |
0 |
7 |
|a obhajoba
|2 SNKPH
|9 4644
|
| 650 |
0 |
7 |
|a filozofia
|2 SNKPH
|9 793
|
| 655 |
|
7 |
|a komentáre
|2 SNKPH
|9 70412
|
| 700 |
1 |
|
|a Sponer, Johann
|c sekretár vojvodu krnovského
|4 hnr
|9 607229
|
| 700 |
1 |
|
|a Dreßler, Valentin
|4 hnr
|9 607230
|
| 700 |
1 |
|
|a Eichorn, Andreas,
|d 1553-1615
|4 prt
|9 50483
|
| 700 |
1 |
|
|a Bersius, Wenzel,
|d 16./17. stor.
|4 aqt
|4 hnr
|9 607231
|
| 700 |
0 |
|
|a Georg Friedrich
|c kancelár markgrófa brandenburského a kancelár vojvodu krnovského
|4 hnr
|9 607232
|
| 700 |
1 |
|
|a Bersius, Burian
|4 hnr
|9 607233
|
| 700 |
1 |
|
|a Gebhardt, Johann,
|d 1577-1622
|4 dto
|9 607234
|
| 700 |
1 |
|
|a Angermündt, Jakob
|4 dto
|9 607235
|
| 710 |
2 |
|
|a Lontovska knižnica (Lontov, Slovensko)
|4 fmo
|9 341279
|
| 710 |
0 |
|
|a Eichorn, Andreas (Frankfurt nad Odrou, Nemecko),
|d 1579-1615
|4 prt
|9 172891
|
| 752 |
|
|
|a Nemecko
|d Frankfurt nad Mohanom
|
| 852 |
|
|
|a snk
|b Historické fondy
|p IC 142674/prví. 13.
|
| 958 |
|
|
|a ONDV
|
| 999 |
|
|
|c 931247
|d 933177
|
| 952 |
|
|
|t AL 17489
|a SNK
|b SNK
|c SNK_HF
|y PREZ
|7 0
|p 17A1128667
|o snkIC 142674/prív.13
|i snk2016/11143
|8 5
|0 0
|1 0
|4 0
|d 2016-05-02
|f 1
|l 0
|r 2026-02-24 08:48:25
|w 2026-02-24
|